[Event "TUR Cup"]
[Site "Denizli"]
[Date "2023.07.22"]
[Round "9"]
[White "Demir, Zeki"]
[Black "Konusoglu, Kemal Safa"]
[Result "0-1"]
[WhiteElo "1681"]
[BlackElo "1866"]
[PlyCount "52"]
[EventDate "2023.07.16"]
[EventType "team-tourn"]
[EventRounds "9"]
[EventCountry "TUR"]
[SourceTitle "CBM 215 Extra"]
[Source "ChessBase"]
[SourceDate "2023.09.30"]
[SourceVersion "1"]
[SourceVersionDate "2023.09.30"]
[SourceQuality "1"]

1. d4 e6 2. c4 f5 3. Nf3 Nf6 4. g3 d5 5. Bg2 c6 6. 0-0 Bd6 7. b3 0-0 8. Ba3 b6 9. Ne5 Bb7 10. Bxd6 Qxd6 11. Nd2 Nbd7 12. Ndf3 Rac8 13. e3 c5 14. cxd5 Bxd5 15. dxc5 Nxc5 16. Rc1 Qb8 17. Nd3 Bxf3 18. Bxf3 Rfd8 19. Be2 Nxd3 20. Rxc8 Qxc8 21. Bxd3 Qc3 22. Bxf5 Rxd1 23. Bxe6+ Kf8 24. Rxd1 Qc2 25. Rd4 Qc1+ 26. Kg2 Qc6+ 0-1

[Event "TUR Cup"]
[Site "Denizli"]
[Date "2023.07.21"]
[Round "8"]
[White "Dogan, Mire Deniz"]
[Black "Demir, Zeki"]
[Result "1-0"]
[WhiteElo "2079"]
[BlackElo "1681"]
[PlyCount "73"]
[EventDate "2023.07.16"]
[EventType "team-tourn"]
[EventRounds "9"]
[EventCountry "TUR"]
[SourceTitle "CBM 215 Extra"]
[Source "ChessBase"]
[SourceDate "2023.09.30"]
[SourceVersion "1"]
[SourceVersionDate "2023.09.30"]
[SourceQuality "1"]

1. e4 c5 2. Nc3 Nc6 3. Bb5 g6 4. Bxc6 dxc6 5. d3 Bg7 6. Be3 b6 7. Qd2 Be6 8. h4 h6 9. Nge2 Qd7 10. a4 a5 11. d4 cxd4 12. Nxd4 Bc4 13. h5 g5 14. 0-0-0 e6 15. f4 gxf4 16. Bxf4 Ne7 17. Qf2 Qb7 18. Nf3 0-0 19. Ne5 Qa6 20. b3 b5 21. bxc4 bxa4 22. Nd7 Qxc4 23. Rh3 Kh7 24. Nxf8+ Rxf8 25. Qe2 Qc5 26. Bd6 Qa7 27. e5 Rg8 28. Rf3 Nf5 29. Qf2 Qxf2 30. Rxf2 Nxd6 31. Rxd6 Bxe5 32. Rxf7+ Kh8 33. Rxe6 Bg7 34. Nxa4 Rb8 35. Rxc6 Kg8 36. Rfc7 Rb4 37. Rc4 1-0

[Event "TUR Cup"]
[Site "Denizli"]
[Date "2023.07.18"]
[Round "4"]
[White "Ozturk, Emir"]
[Black "Demir, Zeki"]
[Result "1-0"]
[WhiteElo "2167"]
[BlackElo "1681"]
[PlyCount "93"]
[EventDate "2023.07.16"]
[EventType "team-tourn"]
[EventRounds "9"]
[EventCountry "TUR"]
[SourceTitle "CBM 215 Extra"]
[Source "ChessBase"]
[SourceDate "2023.09.30"]
[SourceVersion "1"]
[SourceVersionDate "2023.09.30"]
[SourceQuality "1"]

1. d4 d5 2. c4 e6 3. Nc3 Nf6 4. cxd5 exd5 5. Bg5 c6 6. e3 Be7 7. Bd3 Nbd7 8. Nge2 h6 9. Bh4 Nh5 10. Bxe7 Qxe7 11. Qc2 Nb6 12. h3 Bd7 13. Qb3 0-0-0 14. a4 Kb8 15. a5 Nc8 16. Na4 Nd6 17. Nc5 Bc8 18. Ra4 Ka8 19. Rb4 g6 20. Ba6 Ng7 21. Bxb7+ Bxb7 22. a6 Bxa6 23. Nxa6 Ne6 24. Qa4 Nb5 25. 0-0 Nec7 26. Nxc7+ Qxc7 27. Rc1 Qd7 28. Rc5 Rb8 29. Nf4 a5 30. Qxa5+ Na7 31. Ra4 Rb7 32. Qc3 Kb8 33. Rca5 Rd8 34. Nd3 Nb5 35. Ra8+ Kc7 36. Qa5+ Rb6 37. Ra6 Rdb8 38. Nc5 Qd8 39. Rxb6 Rxb6 40. Ra1 Kc8 41. Rc1 Qc7 42. Qa8+ Qb8 43. Na4 Kc7 44. Nxb6 Qxb6 45. Qf8 Kb7 46. Qxf7+ Nc7 47. Qxg6 1-0

[Event "TUR Cup"]
[Site "Antalya"]
[Date "2020.01.28"]
[Round "4"]
[White "Aydin, Ataberk"]
[Black "Demir, Zeki"]
[Result "1-0"]
[WhiteElo "1283"]
[BlackElo "1703"]
[PlyCount "93"]
[EventDate "2020.01.26"]
[EventType "swiss"]
[EventRounds "11"]
[EventCountry "TUR"]
[SourceTitle "CBM 194 Extra"]
[Source "ChessBase"]
[SourceDate "2020.03.31"]
[SourceVersion "1"]
[SourceVersionDate "2020.03.31"]
[SourceQuality "1"]

1. e4 e5 2. Nf3 Nc6 3. Bc4 Nf6 4. d3 Be7 5. Nc3 d6 6. h3 Na5 7. Bb3 Nxb3 8. axb3 0-0 9. Be3 a6 10. 0-0 Be6 11. d4 exd4 12. Nxd4 Bd7 13. f4 c5 14. Nf3 Bc6 15. e5 Bxf3 16. Qxf3 dxe5 17. fxe5 Nd7 18. Qxb7 Nxe5 19. Rxa6 Rxa6 20. Qxa6 Qd7 21. Qb5 Qc6 22. Qxc6 Nxc6 23. Ne4 Nd4 24. Bxd4 cxd4 25. Rd1 f5 26. Ng3 g6 27. Ne2 Bc5 28. Nxd4 Kf7 29. Kf1 Rd8 30. c3 Kf6 31. b4 Bb6 32. Ke2 g5 33. Nf3 Re8+ 34. Kd3 g4 35. hxg4 fxg4 36. Nd4 h5 37. c4 h4 38. Rh1 Kg5 39. c5 Bc7 40. b5 Bf4 41. b6 h3 42. gxh3 g3 43. c6 Be3 44. c7 Bf4 45. Ne6+ Rxe6 46. c8Q Rxb6 47. Qg4+ 1-0

[Event "TUR Cup"]
[Site "Antalya"]
[Date "2020.01.27"]
[Round "2"]
[White "Kucuk, Dogan"]
[Black "Demir, Zeki"]
[Result "1/2-1/2"]
[WhiteElo "2005"]
[BlackElo "1703"]
[PlyCount "66"]
[EventDate "2020.01.26"]
[EventType "swiss"]
[EventRounds "11"]
[EventCountry "TUR"]
[SourceTitle "CBM 194 Extra"]
[Source "ChessBase"]
[SourceDate "2020.03.31"]
[SourceVersion "1"]
[SourceVersionDate "2020.03.31"]
[SourceQuality "1"]

1. c4 e6 2. Nc3 d5 3. cxd5 exd5 4. d4 Nf6 5. Bg5 Be7 6. Nf3 c6 7. Qc2 Nbd7 8. e3 Nh5 9. Bxe7 Qxe7 10. Be2 g6 11. 0-0 Ndf6 12. Bd3 0-0 13. Rab1 Ng7 14. b4 a6 15. a4 Bf5 16. Rfc1 Bxd3 17. Qxd3 Ne4 18. Nd2 Nxd2 19. Qxd2 Nf5 20. b5 axb5 21. axb5 Nd6 22. bxc6 bxc6 23. Ra1 Qb7 24. Na4 Nc4 25. Qc3 Rfb8 26. Nc5 Qc8 27. e4 Rxa1 28. Rxa1 Ra8 29. Rb1 Qg4 30. h3 Qf4 31. exd5 cxd5 32. Ra1 Rxa1+ 33. Qxa1 Kg7 1/2-1/2

[Event "TUR Cup"]
[Site "Antalya"]
[Date "2020.01.26"]
[Round "1"]
[White "Demir, Zeki"]
[Black "Nay, Berk"]
[Result "1-0"]
[WhiteElo "1703"]
[BlackElo "1101"]
[PlyCount "111"]
[EventDate "2020.01.26"]
[EventType "swiss"]
[EventRounds "11"]
[EventCountry "TUR"]
[SourceTitle "CBM 194 Extra"]
[Source "ChessBase"]
[SourceDate "2020.03.31"]
[SourceVersion "1"]
[SourceVersionDate "2020.03.31"]
[SourceQuality "1"]

1. d4 d5 2. c4 e6 3. Nc3 Nf6 4. cxd5 exd5 5. Bg5 Be6 6. e3 Bb4 7. Nf3 h6 8. Bh4 g5 9. Bg3 Ne4 10. Rc1 Bxc3+ 11. bxc3 Nxg3 12. hxg3 Bg4 13. Qa4+ Nc6 14. Ne5 Bd7 15. Nxd7 Qxd7 16. Bb5 a6 17. c4 Rc8 18. Bxc6 Qxc6 19. Qxc6+ bxc6 20. cxd5 cxd5 21. Rc6 a5 22. g4 Kd7 23. Rcxh6 Rxh6 24. Rxh6 Rb8 25. Rf6 Ke7 26. Rf5 c6 27. Rxg5 Rb1+ 28. Ke2 Rb2+ 29. Kf3 Rxa2 30. Rg8 a4 31. g5 a3 32. Ra8 Ra1 33. Kf4 a2 34. Ke5 Kd7 35. Kf6 Rg1 36. Rxa2 Rxg2 37. Ra7+ Kd6 38. f4 Re2 39. Re7 Rh2 40. Rxf7 Re2 41. Re7 Rg2 42. Re6+ Kd7 43. f5 Rh2 44. g6 Rh6 45. Re7+ Kd6 46. Rh7 Rxg6+ 47. fxg6 c5 48. dxc5+ Kxc5 49. g7 d4 50. exd4+ Kd6 51. Rh5 Kc6 52. Ke6 Kb6 53. Rc5 Kb7 54. Kd7 Ka7 55. Kc7 Ka6 56. g8B 1-0

[Event "TUR Cup"]
[Site "Antalya"]
[Date "2019.02.02"]
[Round "10"]
[White "Alagoz, Mahmut"]
[Black "Demir, Zeki"]
[Result "1/2-1/2"]
[WhiteElo "1707"]
[BlackElo "1805"]
[PlyCount "131"]
[EventDate "2019.01.27"]
[EventType "swiss"]
[EventRounds "11"]
[EventCountry "TUR"]
[SourceTitle "CBM 188 Extra"]
[Source "ChessBase"]
[SourceDate "2019.02.26"]
[SourceVersion "1"]
[SourceVersionDate "2019.02.26"]
[SourceQuality "1"]

1. d4 d5 2. c4 c6 3. Nf3 Nf6 4. Nc3 e6 5. Bg5 dxc4 6. e4 b5 7. e5 h6 8. Bh4 g5 9. Nxg5 hxg5 10. Bxg5 Nbd7 11. Be2 Bb7 12. Bf3 Qa5 13. Bxf6 Nxf6 14. exf6 0-0-0 15. 0-0 Bd6 16. g3 Be5 17. a4 b4 18. Ne2 Bxf6 19. Qc1 Qf5 20. Qe3 Bg5 21. Qe4 Qxe4 22. Bxe4 Bd2 23. Rfd1 c3 24. bxc3 bxc3 25. Ra3 Ba6 26. Nxc3 Rxd4 27. Nb1 Rxe4 28. Nxd2 Rd4 29. Ra2 Rhd8 30. f4 Be2 31. Re1 Rxd2 32. Rxe2 Rxe2 33. Rxe2 Rd4 34. h4 Rxa4 35. h5 Rd4 36. h6 Rd8 37. g4 Rh8 38. g5 Kc7 39. Kf2 a5 40. Ke3 c5 41. Kd3 Kc6 42. Kc4 a4 43. Re5 Ra8 44. Rxc5+ Kd6 45. Rb5 a3 46. Rb1 a2 47. Rd1+ Ke7 48. Ra1 Ra4+ 49. Kd3 Rxf4 50. Rxa2 Rh4 51. Ke3 e5 52. Kf3 f6 53. Ra7+ Ke6 54. Ra6+ Kf5 55. gxf6 Rxh6 56. f7 Rh3+ 57. Kg2 Rh8 58. Kf3 Rb8 59. Ke3 Rc8 60. Kd3 Rf8 61. Ra7 Kf4 62. Kc4 e4 63. Kd5 e3 64. Ke6 e2 65. Ra1 Ra8 66. Re1 1/2-1/2

[Event "TUR Cup"]
[Site "Antalya"]
[Date "2019.01.28"]
[Round "2"]
[White "Karakus, Ali"]
[Black "Demir, Zeki"]
[Result "0-1"]
[WhiteElo "1303"]
[BlackElo "1805"]
[PlyCount "66"]
[EventDate "2019.01.27"]
[EventType "swiss"]
[EventRounds "11"]
[EventCountry "TUR"]
[SourceTitle "CBM 188 Extra"]
[Source "ChessBase"]
[SourceDate "2019.02.26"]
[SourceVersion "1"]
[SourceVersionDate "2019.02.26"]
[SourceQuality "1"]

1. e4 e5 2. Nf3 Nc6 3. Nc3 Nf6 4. Bb5 Bb4 5. 0-0 0-0 6. d3 d6 7. Ne2 a6 8. Ba4 b5 9. Bb3 d5 10. exd5 Nxd5 11. c3 Be7 12. Re1 Bf6 13. Ng3 g6 14. Bh6 Re8 15. Qc2 Bg4 16. Nd2 Bg7 17. Bxg7 Kxg7 18. Nde4 Nf4 19. d4 h5 20. f3 Bc8 21. dxe5 Rxe5 22. Rad1 Qe7 23. Kf2 f5 24. Nd2 Qc5+ 25. Kf1 Bb7 26. Nde4 fxe4 27. Nxe4 Qe7 28. g3 Ne6 29. f4 Rf8 30. Kg1 Nxf4 31. gxf4 Rxf4 32. Bd5 Rxd5 33. Rxd5 Ne5 0-1

[Event "TUR Cup"]
[Site "Antalya"]
[Date "2017.02.01"]
[Round "7"]
[White "Demir, Zeki"]
[Black "Asilkefeli, Metin"]
[Result "1-0"]
[WhiteElo "1841"]
[BlackElo "2158"]
[PlyCount "135"]
[EventDate "2017.01.28"]
[EventType "swiss"]
[EventRounds "11"]
[EventCountry "TUR"]
[SourceTitle "CBM 176 Extra"]
[Source "ChessBase"]
[SourceDate "2017.03.02"]
[SourceVersion "1"]
[SourceVersionDate "2017.03.02"]
[SourceQuality "1"]

1. d4 d5 2. c4 e6 3. Nc3 c6 4. e4 dxe4 5. Nxe4 Bb4+ 6. Bd2 Qxd4 7. Bxb4 Qxe4+ 8. Be2 Na6 9. Ba5 b6 10. Qd6 Bd7 11. Rd1 Rd8 12. Bc3 Ne7 13. Nf3 c5 14. g4 Nc8 15. Qd2 0-0 16. Rg1 Ne7 17. Ne5 Nb8 18. Kf1 Ng6 19. Bf3 Qf4 20. Nxg6 Qxf3 21. Nxf8 Bb5 22. cxb5 Qxd1+ 23. Qxd1 Rxd1+ 24. Be1 Kxf8 25. Rg3 Ke7 26. Ra3 Rd7 27. g5 Kf8 28. Bc3 Rb7 29. Be5 Nd7 30. Bd6+ Kg8 31. f4 f6 32. h4 e5 33. Re3 exf4 34. Re7 f3 35. Kf2 a6 36. bxa6 Ra7 37. a3 c4 38. Bb8 Rxa6 39. Rxd7 c3 40. bxc3 Rxa3 41. Rd3 Ra4 42. gxf6 Rxh4 43. fxg7 Kxg7 44. Rxf3 Re4 45. Re3 Rc4 46. Ke2 h5 47. Kd3 Rc6 48. c4 Kg6 49. Kd4 Kf5 50. Bh2 h4 51. Rb3 Kg4 52. Bg1 h3 53. Kd5 Rf6 54. Bh2 Rf5+ 55. Kd4 Rf6 56. Be5 Rc6 57. Rg3+ Kh4 58. Rg7 Kh5 59. Rd7 Rg6 60. Rd6 Rg4+ 61. Kc3 Re4 62. Rd5 Kg4 63. Bc7 Re6 64. Rd6 Re3+ 65. Kb4 Re7 66. Rc6 Re2 67. Rxb6 h2 68. Rh6 1-0

[Event "TUR Cup"]
[Site "Antalya"]
[Date "2017.01.31"]
[Round "5"]
[White "Demir, Zeki"]
[Black "Turkoglu, Cihat"]
[Result "1-0"]
[WhiteElo "1841"]
[BlackElo "2121"]
[PlyCount "50"]
[EventDate "2017.01.28"]
[EventType "swiss"]
[EventRounds "11"]
[EventCountry "TUR"]
[SourceTitle "CBM 176 Extra"]
[Source "ChessBase"]
[SourceDate "2017.03.02"]
[SourceVersion "1"]
[SourceVersionDate "2017.03.02"]
[SourceQuality "1"]

1. d4 Nf6 2. c4 e6 3. Nc3 Bb4 4. Nf3 b6 5. Bg5 h6 6. Bh4 Bb7 7. e3 c5 8. Bd3 Bxc3+ 9. bxc3 d6 10. 0-0 Nbd7 11. Re1 Qc7 12. e4 g5 13. Bg3 Nh5 14. d5 Nxg3 15. fxg3 0-0-0 16. g4 e5 17. a4 h5 18. Nxg5 Rdg8 19. h4 Rxg5 20. hxg5 Qd8 21. Qd2 hxg4 22. g3 Rh5 23. Kg2 Rxg5 24. Rh1 Qg8 25. Rh6 Qg7 1-0

[Event "TUR Cup"]
[Site "Antalya"]
[Date "2017.01.31"]
[Round "6"]
[White "Yelligedik, Murat"]
[Black "Demir, Zeki"]
[Result "1-0"]
[WhiteElo "2055"]
[BlackElo "1841"]
[PlyCount "119"]
[EventDate "2017.01.28"]
[EventType "swiss"]
[EventRounds "11"]
[EventCountry "TUR"]
[SourceTitle "CBM 176 Extra"]
[Source "ChessBase"]
[SourceDate "2017.03.02"]
[SourceVersion "1"]
[SourceVersionDate "2017.03.02"]
[SourceQuality "1"]

1. e4 e6 2. d4 d5 3. Nc3 Bb4 4. e5 c5 5. Bd2 cxd4 6. Nb5 Bc5 7. Qg4 Kf8 8. b4 Be7 9. Nxd4 Nc6 10. Nxc6 bxc6 11. Nf3 h5 12. Qf4 a5 13. b5 c5 14. c4 d4 15. a4 Bb7 16. Bd3 Nh6 17. h4 Kg8 18. Ng5 g6 19. Nxf7 Nxf7 20. Bxg6 Qf8 21. Be4 Bxe4 22. Qxe4 Nh6 23. Qg6+ Qg7 24. Qxe6+ Qf7 25. Qc6 Qe8 26. Qd5+ Kg7 27. Ra3 Rd8 28. Rg3+ Ng4 29. Qe4 Bd6 30. Rxg4+ hxg4 31. Qxg4+ Qg6 32. Qxg6+ Kxg6 33. exd6 Rxd6 34. h5+ Kf5 35. f3 Re6+ 36. Kd1 Rh7 37. g4+ Kf6 38. Re1 Rxe1+ 39. Kxe1 Ke5 40. Kf2 Rh8 41. Bxa5 Kd6 42. Bd2 Re8 43. Bf4+ Kd7 44. a5 d3 45. Be3 Kd6 46. a6 Kc7 47. h6 Kb6 48. g5 Ka5 49. g6 Kb4 50. g7 Kc3 51. h7 Rxe3 52. Kxe3 d2 53. h8Q d1Q 54. g8Q+ Kb3 55. Qd5 Qg1+ 56. Kf4 Qc1+ 57. Kf5 Kb4 58. Qhe5 Qc2+ 59. Qee4 Qb3 60. Qd2+ 1-0

[Event "TUR Cup"]
[Site "Antalya"]
[Date "2017.01.29"]
[Round "2"]
[White "Yilmazyerli, Mert"]
[Black "Demir, Zeki"]
[Result "1-0"]
[WhiteElo "2454"]
[BlackElo "1841"]
[PlyCount "73"]
[EventDate "2017.01.28"]
[EventType "swiss"]
[EventRounds "11"]
[EventCountry "TUR"]
[SourceTitle "CBM 176 Extra"]
[Source "ChessBase"]
[SourceDate "2017.03.02"]
[SourceVersion "1"]
[SourceVersionDate "2017.03.02"]
[SourceQuality "1"]

1. e4 e6 2. d4 d5 3. Bd3 c5 4. c3 Nc6 5. Ne2 Nf6 6. Nd2 e5 7. 0-0 cxd4 8. cxd4 Be7 9. exd5 Nxd5 10. Nf3 exd4 11. Nexd4 Nxd4 12. Nxd4 0-0 13. Be4 Nf6 14. Bf3 Qb6 15. Nb3 Be6 16. Be3 Qb4 17. Qd4 Bc4 18. Rfc1 Ba6 19. Qxb4 Bxb4 20. Bc5 Bxc5 21. Nxc5 Rab8 22. a4 Rfe8 23. b4 Be2 24. Bxb7 Nd7 25. Bc6 Nxc5 26. Bxe8 Nb3 27. Bxf7+ Kxf7 28. Rc7+ Kf6 29. Re1 Nd4 30. b5 a6 31. Rd7 Ke5 32. bxa6 Rb4 33. a5 Rb5 34. Rxg7 Rxa5 35. Rg5+ Nf5 36. g4 Kf6 37. Rxf5+ 1-0

[Event "Troya op 23rd"]
[Site "Canakkale"]
[Date "2015.08.11"]
[Round "5"]
[White "Demir, Zeki"]
[Black "Olcum, Ahmet"]
[Result "1-0"]
[WhiteElo "1905"]
[BlackElo "2060"]
[PlyCount "101"]
[EventDate "2015.08.08"]
[EventType "swiss"]
[EventRounds "9"]
[EventCountry "TUR"]
[SourceTitle "CBM 167 Extra"]
[Source "ChessBase"]
[SourceDate "2015.09.14"]
[SourceVersion "1"]
[SourceVersionDate "2015.09.14"]
[SourceQuality "1"]

1. d4 g6 2. c4 d6 3. e4 Bg7 4. Nc3 Nf6 5. f4 0-0 6. Nf3 c5 7. d5 Na6 8. Bd3 Nc7 9. 0-0 a6 10. a4 b6 11. Bd2 Bd7 12. e5 Nfe8 13. Qe2 Rb8 14. Ng5 e6 15. Rad1 h6 16. dxe6 hxg5 17. exd7 Qxd7 18. f5 dxe5 19. fxg6 f5 20. Bxg5 e4 21. Bc2 Bd4+ 22. Kh1 Nd6 23. Bf4 Rf6 24. Qh5 Rbf8 25. b3 Rd8 26. Ne2 Qg7 27. Bg5 Ne6 28. Bxf6 Bxf6 29. Rxf5 Nxf5 30. Rxd8+ Bxd8 31. Qxf5 Qa1+ 32. Ng1 Qf6 33. Qxf6 Bxf6 34. Bxe4 Nd4 35. Nf3 Nxb3 36. h4 Nd4 37. Nxd4 cxd4 38. h5 Kg7 39. g4 Kh6 40. Kg2 Kg5 41. Kf3 a5 42. Bd3 Bg7 43. Be2 Bf6 44. Ke4 Bg7 45. Bf3 Bh8 46. Bd1 Bg7 47. Kd5 Kf4 48. Kc6 d3 49. Kxb6 Ke3 50. g5 Kd2 51. Bg4 1-0

[Event "TUR-chT2"]
[Site "Konya"]
[Date "2014.06.23"]
[Round "1.6"]
[White "Soyek, Ramazan"]
[Black "Demir, Zeki"]
[Result "1-0"]
[WhiteElo "2003"]
[BlackElo "1902"]
[PlyCount "30"]
[EventDate "2014.06.23"]
[EventType "team-swiss"]
[EventRounds "9"]
[EventCountry "TUR"]
[SourceTitle "CBM 161 Extra"]
[Source "ChessBase"]
[SourceDate "2014.08.29"]
[SourceVersion "1"]
[SourceVersionDate "2014.08.29"]
[SourceQuality "1"]
[WhiteTeam "Callica"]
[BlackTeam "Deniz Genclik"]
[WhiteTeamCountry "TUR"]
[BlackTeamCountry "TUR"]

1. e4 e6 2. d4 d5 3. Nc3 Bb4 4. e5 c5 5. Bd2 cxd4 6. Nb5 Bc5 7. Qg4 g6 8. b4 Bf8 9. Nf3 a6 10. Nbxd4 h5 11. Qg3 Nc6 12. Nxc6 bxc6 13. Bd3 h4 14. Qf4 Bh6 15. Qd4 Kd7 1-0

[Event "Kesan op 11th"]
[Site "Edirne"]
[Date "2013.08.30"]
[Round "8"]
[White "Rahmanov, Shahriyar Teymur Og"]
[Black "Demir, Zeki"]
[Result "1-0"]
[WhiteElo "2258"]
[BlackElo "1952"]
[PlyCount "79"]
[EventDate "2013.08.26"]
[EventType "swiss"]
[EventRounds "9"]
[EventCountry "TUR"]
[SourceTitle "CBM 156 Extra"]
[Source "ChessBase"]
[SourceDate "2013.10.22"]
[SourceVersion "1"]
[SourceVersionDate "2013.10.22"]
[SourceQuality "1"]

1. d4 d5 2. c4 c6 3. Nc3 Nf6 4. Nf3 e6 5. Bf4 dxc4 6. e4 b5 7. Qc2 Bb7 8. Be2 Nbd7 9. 0-0 Be7 10. Rad1 a6 11. a4 0-0 12. Ne5 Qa5 13. g4 Rfd8 14. g5 Ne8 15. h4 Nxe5 16. Bxe5 Bd6 17. f4 b4 18. Nb1 c5 19. d5 exd5 20. exd5 Qc7 21. Qe4 g6 22. h5 Ng7 23. hxg6 hxg6 24. Bxc4 Re8 25. Rfe1 Rad8 26. Nd2 Qd7 27. Nf3 Nh5 28. Kf2 Bc8 29. Rh1 Qxa4 30. Rxh5 Bxe5 31. fxe5 Qxd1 32. Rh2 Bg4 33. Qxg4 Kg7 34. Qf4 Qc2+ 35. Kg3 Qf5 36. Qxf5 gxf5 37. Kf4 Rh8 38. Nh4 Kg8 39. d6 a5 40. g6 1-0

[Event "Kesan op 11th"]
[Site "Edirne"]
[Date "2013.08.27"]
[Round "2"]
[White "Sen, Ugur"]
[Black "Demir, Zeki"]
[Result "1/2-1/2"]
[WhiteElo "1609"]
[BlackElo "1952"]
[PlyCount "195"]
[EventDate "2013.08.26"]
[EventType "swiss"]
[EventRounds "9"]
[EventCountry "TUR"]
[SourceTitle "CBM 156 Extra"]
[Source "ChessBase"]
[SourceDate "2013.10.22"]
[SourceVersion "1"]
[SourceVersionDate "2013.10.22"]
[SourceQuality "1"]

1. d4 f5 2. Nf3 Nf6 3. g3 g6 4. Bg2 Bg7 5. 0-0 0-0 6. c4 d6 7. Nc3 c6 8. Re1 Ne4 9. Ng5 Nxg5 10. Bxg5 h6 11. Bc1 e5 12. d5 c5 13. e4 f4 14. Rb1 Qf6 15. f3 fxg3 16. hxg3 h5 17. Rf1 Nd7 18. a3 b6 19. Qa4 h4 20. g4 Nb8 21. Nb5 Bd7 22. Qb3 Na6 23. Bh3 Qe7 24. Bd2 Rf7 25. Rf2 g5 26. Rbf1 Bf6 27. Nc3 Nc7 28. Qc2 b5 29. b3 a5 30. a4 b4 31. Nd1 Ne8 32. Ne3 Ng7 33. Kg2 Raf8 34. Qd1 Ne8 35. Qc1 Nc7 36. Nd1 Na8 37. Nb2 Nb6 38. Be3 Kg7 39. Bd2 Bc8 40. Be3 Rg8 41. Bd2 Nd7 42. Be3 Nf8 43. Nd3 Ng6 44. Bd2 Nf4+ 45. Nxf4 exf4 46. Re2 Qe5 47. Rd1 Bd7 48. Qc2 Be8 49. Bc1 Re7 50. Bb2 Qxb2 51. Qxb2 Bxb2 52. Rxb2 Bg6 53. Re1 Kf6 54. Rd2 Rge8 55. Rde2 Re5 56. Kf2 R8e7 57. Kg2 Be8 58. Ra2 Bf7 59. Kf2 Re8 60. Rd2 R5e7 61. Rc2 Ke5 62. Rd2 Rc8 63. Rc1 Be8 64. Ra1 Bd7 65. Ke2 Rce8 66. Kd3 Rb8 67. Rg2 Be8 68. Rd2 Bg6 69. Re2 Kf6 70. Kd2 Rf8 71. Rae1 Rfe8 72. Kd3 Re5 73. Rf1 Bf7 74. Rfe1 R8e7 75. Kd2 Kg7 76. Kd3 Bg6 77. Rf1 Be8 78. Ra1 Bd7 79. Kd2 Bc8 80. Rae1 Bb7 81. Kd3 Kf6 82. Kd2 Bc8 83. Kd3 Bd7 84. Ra1 Be8 85. Kd2 Bg6 86. Rae1 Kf7 87. Kd3 Kg7 88. Kd2 Bxe4 89. Rxe4 Rxe4 90. Rxe4 Rxe4 91. fxe4 Kf6 92. Kd3 Ke5 93. Bg2 f3 94. Bxf3 Kf4 95. Ke2 Ke5 96. Ke3 Kf6 97. Bh1 Ke5 98. Bf3 1/2-1/2

[Event "Kesan op 11th"]
[Site "Edirne"]
[Date "2013.08.26"]
[Round "1"]
[White "Demir, Zeki"]
[Black "Quparadze, Giga"]
[Result "0-1"]
[WhiteElo "1952"]
[BlackElo "2500"]
[PlyCount "94"]
[EventDate "2013.08.26"]
[EventType "swiss"]
[EventRounds "9"]
[EventCountry "TUR"]
[SourceTitle "CBM 156 Extra"]
[Source "ChessBase"]
[SourceDate "2013.10.22"]
[SourceVersion "1"]
[SourceVersionDate "2013.10.22"]
[SourceQuality "1"]

1. d4 Nf6 2. c4 e6 3. Nc3 Bb4 4. Nf3 b6 5. Bg5 Bb7 6. e3 h6 7. Bh4 Bxc3+ 8. bxc3 d6 9. Bd3 Nbd7 10. 0-0 Qe7 11. Qa4 a5 12. c5 dxc5 13. Ne5 0-0 14. Bb5 g5 15. Nxd7 Nxd7 16. Bg3 Nf6 17. Bc6 Bxc6 18. Qxc6 cxd4 19. exd4 Nd5 20. f4 Qe8 21. Qxe8 Rfxe8 22. fxg5 hxg5 23. Rf3 g4 24. Rd3 b5 25. Rf1 f5 26. Be5 Kf7 27. h3 Rg8 28. h4 Kg6 29. g3 Ra6 30. Rb1 Rb6 31. Kf2 Rgb8 32. a3 Rc6 33. Rc1 Rc4 34. Ke2 b4 35. axb4 axb4 36. h5+ Kh7 37. Kd2 bxc3+ 38. Rdxc3 Nxc3 39. Kd3 Rc6 40. Rxc3 Rxc3+ 41. Kxc3 Kh6 42. Kc4 Kxh5 43. Kc5 Rd8 44. Kc6 Rd5 45. Kxc7 f4 46. gxf4 g3 47. f5 exf5 0-1

[Event "TUR-chT"]
[Site "Konya"]
[Date "2012.07.22"]
[Round "13"]
[White "Yilmazyerli, Mert"]
[Black "Demir, Zeki"]
[Result "1-0"]
[WhiteElo "2312"]
[BlackElo "1926"]
[PlyCount "141"]
[EventDate "2012.07.11"]
[EventType "team-tourn"]
[EventRounds "13"]
[EventCountry "TUR"]
[SourceTitle "CBM 149 Extra"]
[Source "ChessBase"]
[SourceDate "2012.08.24"]
[SourceVersion "1"]
[SourceVersionDate "2012.08.24"]
[SourceQuality "1"]
[WhiteTeam "Besiktas Jimnastik"]
[BlackTeam "Antalya Deniz Genclik"]
[WhiteTeamCountry "TUR"]
[BlackTeamCountry "TUR"]

1. e4 e6 2. d4 d5 3. Nc3 Bb4 4. e5 c5 5. a3 Bxc3+ 6. bxc3 Ne7 7. Nf3 b6 8. a4 Ba6 9. Bb5+ Bxb5 10. axb5 a5 11. bxa6 Rxa6 12. Rxa6 Nxa6 13. Bg5 0-0 14. Qa1 Nb8 15. 0-0 h6 16. Bh4 g5 17. Nxg5 hxg5 18. Bxg5 Nd7 19. Qd1 f6 20. Bh6 f5 21. Bxf8 Qxf8 22. Qh5 Qf7 23. Qh4 Ng6 24. Qd8+ Ndf8 25. Ra1 Qe7 26. Qxb6 cxd4 27. cxd4 Qg5 28. g3 Nh4 29. Kf1 Nf3 30. Qb4 Nxh2+ 31. Kg2 Ng4 32. Ra8 Qh6 33. Kf3 Nh2+ 34. Ke2 Qh5+ 35. Kd2 Qh6+ 36. Kc3 Ng4 37. f3 Nh2 38. f4 Nf1 39. Qe7 Nxg3 40. Ra7 Qg6 41. Kb4 Ne2 42. Kc5 Nxf4 43. Kd6 Nh5 44. Ra8 Qf7 45. Ra7 Qxe7+ 46. Kxe7 Nf4 47. Ra8 N4g6+ 48. Kf6 f4 49. Ra1 Nh4 50. Rg1+ Nfg6 51. Kxe6 Kf8 52. Kxd5 Ke7 53. Ke4 Kd7 54. c4 Ke7 55. c5 Kd7 56. d5 f3 57. e6+ Ke7 58. Rh1 Kf6 59. Rh2 Nf5 60. Kxf3 Nf8 61. Ke4 Nxe6 62. dxe6 Kxe6 63. Rd2 Ng3+ 64. Kf4 Nh5+ 65. Kf3 Nf6 66. c6 Ne8 67. Re2+ Kf7 68. Re5 Nc7 69. Ke4 Kf6 70. Kd4 Ne6+ 71. Rxe6+ 1-0

[Event "TUR-chT"]
[Site "Konya"]
[Date "2012.07.16"]
[Round "7"]
[White "Yagiz, Yasin Emrah"]
[Black "Demir, Zeki"]
[Result "1/2-1/2"]
[WhiteElo "2264"]
[BlackElo "1926"]
[PlyCount "113"]
[EventDate "2012.07.11"]
[EventType "team-tourn"]
[EventRounds "13"]
[EventCountry "TUR"]
[SourceTitle "CBM 149 Extra"]
[Source "ChessBase"]
[SourceDate "2012.08.24"]
[SourceVersion "1"]
[SourceVersionDate "2012.08.24"]
[SourceQuality "1"]
[WhiteTeam "Istanbul Pera"]
[BlackTeam "Antalya Deniz Genclik"]
[WhiteTeamCountry "TUR"]
[BlackTeamCountry "TUR"]

1. c4 f5 2. Nf3 Nf6 3. g3 d6 4. d4 g6 5. Nc3 Bg7 6. Bg2 0-0 7. 0-0 c6 8. Qb3 Ne4 9. Rd1 Nxc3 10. Qxc3 Nd7 11. Rb1 Qc7 12. b4 e5 13. dxe5 dxe5 14. c5 h6 15. Rd6 Kh7 16. Bb2 a5 17. a3 axb4 18. axb4 Rf7 19. Qc4 Re7 20. Qh4 Nf8 21. Rbd1 Ra2 22. R1d2 Rxb2 23. Rxb2 e4 24. Nd4 Ne6 25. Nxe6 Bxe6 26. Rb1 b6 27. Qf4 bxc5 28. bxc5 Bd5 29. Qd2 Be5 30. Rxd5 cxd5 31. Qxd5 Rd7 32. Qe6 Bg7 33. Rb6 Qxc5 34. Qxg6+ Kh8 35. Rb8+ Bf8 36. Qxh6+ Kg8 37. Qe6+ Rf7 38. Rb7 Be7 39. Qg6+ Rg7 40. Rb8+ Bf8 41. Qe6+ Rf7 42. e3 Kg7 43. Rb6 Qe7 44. Qg6+ Kh8 45. Bf1 Qd7 46. Rb8 Qc7 47. Rc8 Qd7 48. Kg2 f4 49. exf4 e3 50. fxe3 Qd2+ 51. Kf3 Qd5+ 52. Kf2 Qd2+ 53. Be2 Rxf4+ 54. gxf4 Qxe2+ 55. Kg3 Qxe3+ 56. Kh4 Qh3+ 57. Kxh3 1/2-1/2